| 000 | 00390nam a2200169Ia 4500 | ||
|---|---|---|---|
| 008 | 230524s9999 xx 000 0 und d | ||
| 020 | _a8131700917 | ||
| 082 |
_a621.382 _bMAN |
||
| 100 | _aM.Morris Mano | ||
| 245 | 0 | _aDigital Design | |
| 250 | _a2ND | ||
| 260 |
_aNEW DELHI _bPHI _c2004 |
||
| 300 | _aVIII;512 | ||
| 500 | _aQuantity Number: 305 | ||
| 650 | _aElectronics | ||
| 942 | _cBK | ||
| 999 |
_c7242 _d7242 |
||